| 000 | 00630nam a2200217Ii 4500 | ||
|---|---|---|---|
| 001 | 3759 | ||
| 003 | CO-ViMGA | ||
| 008 | 241108s9999||||xx |||||||||||||| ||und|| | ||
| 020 | _a8428311110 | ||
| 040 |
_aCO-ViMGA _bspa _erda _cCO-ViMGA |
||
| 041 | 0 | _aunk | |
| 082 | 0 | 4 | _a445 N663 |
| 100 | 1 |
_aNicoulin, Maurice _956406 |
|
| 245 | 1 | 0 | _aConjugación de verbos franceses |
| 264 | 1 | _a[Lugar de publicación no identificado] : Paraninfo, 1981 | |
| 300 | _avolumen | ||
| 336 |
_atext _btxt _2rdacontent |
||
| 337 |
_aunmediated _bn _2rdamedia |
||
| 338 |
_avolume _bnc _2rdacarrier |
||
| 940 | _aidficha_siabuc: 3670. -- ficha_no_siabuc:3759 | ||
| 999 |
_c54362 _d54362 |
||